Winning moves : (Record no. 16145)

000 -LEADER
fixed length control field 00710pam a2200217 a 4500
020 ## - INTERNATIONAL STANDARD BOOK NUMBER
ISBN 0140091521 :
040 ## - CATALOGING SOURCE
Transcribing agency DLC
082 00 - DEWEY DECIMAL CLASSIFICATION NUMBER
Classification number 650 PEN 1989 A105 Or.
100 1# - MAIN ENTRY--AUTHOR NAME
Personal name Ciabattari, Jane.
245 10 - TITLE STATEMENT
Title Winning moves :
Remainder of title how to come out ahead in a corporate shakeup /
260 ## - PUBLICATION, DISTRIBUTION, ETC. (IMPRINT)
Place of publication New York, N.Y., U.S.A. :
Name of publisher Penguin Books,
Year of publication 1989, c1988.
300 ## - PHYSICAL DESCRIPTION
Number of Pages xxiv, 327 p. ;
Dimensions 20 cm.
500 ## - GENERAL NOTE
General note Reprint. Originally published: New York : Rawson Associates, c1988.
500 ## - GENERAL NOTE
General note Includes index.
650 #0 - SUBJECT ADDED ENTRY--TOPICAL TERM
Topical Term Office politics.
650 #0 - SUBJECT ADDED ENTRY--TOPICAL TERM
Topical Term Career development.
650 #0 - SUBJECT ADDED ENTRY--TOPICAL TERM
Topical Term Organizational change.
650 #0 - SUBJECT ADDED ENTRY--TOPICAL TERM
Topical Term Consolidation and merger of corporations.
650 #0 - SUBJECT ADDED ENTRY--TOPICAL TERM
Topical Term Corporate reorganizations.
942 ## - ADDED ENTRY ELEMENTS (KOHA)
Koha item type សៀវភៅភាសាអង់គ្លេស
952 ## - LOCATION AND ITEM INFORMATION (KOHA)
Withdrawn status [LOCAL, KOHA] 0
Holdings
Permanent Location Date acquired Koha item type Lost status Shelving location Barcode Current Location Full call number
Library Block A2018-01-16សៀវភៅភាសាអង់គ្លេស A105A17420Library Block A650 PEN 1989 A105 Or.
មជ្ឈមណ្ឌលឯការនៃសាកលវិទ្យាល័យភូមិន្ទកសិកម្មចំការដូង

Powered by Koha